000 00196 a2200097 4500
020 _a9780684818184
041 _aeng
100 _aTausend, Marilyn
245 _aCocinando con la familia
942 _cBK
999 _c1436
_d1436